Score 0/20 Timer 07:00
2 Plays Today
Scrambled City City % Correct
IIMAMMiami
99.5%
SLADLADallas
94.6%
OTRDEITDetroit
93%
UONLHUOLHonolulu
92.5%
TTELSEASeattle
92.1%
NTAALATAtlanta
91.9%
TSBONOBoston
89.3%
NREEDVDenver
87.7%
WENRKOY*New York
85.7%
PDTRLNOAPortland
85.7%
Scrambled City City % Correct
GSSEVAAL*Las Vegas
84.5%
AEGESNLOSL*Los Angeles
79.8%
SLPAINNEOIMMinneapolis
78.1%
OSUHNTOHouston
74.4%
RHTRFOADHartford
65.2%
RNNORBAA*Ann Arbor
51%
AKLYEITSLCAT*Salt Lake City
44.3%
IROCNEEPVDProvidence
31.9%
AALBCHPEM*Palm Beach
31.2%
CEOAANHGRAnchorage
28%
Remove Ads.
Support Sporcle.
Get the best of Sporcle when you Go Orange. This ad-free experience offers more features, more stats, and more fun while also helping to support Sporcle. Thank you for becoming a member.

You're not logged in!

Compare scores with friends on all Sporcle quizzes.
OR
Log In

Show Comments

Extras

Top Quizzes Today


Score Distribution

Your Account Isn't Verified!

In order to create a playlist on Sporcle, you need to verify the email address you used during registration. Go to your Sporcle Settings to finish the process.

Report this User

Report this user for behavior that violates our Community Guidelines.

Details: